000 00643nam a22002297a 4500
005 20170124110037.0
010 _aB-215233
020 _c395.00
_a9788171679645
035 _aB-215233
037 _bCen Lib/Ret
040 _aDPL
_bEN
082 _a888
_bSHA
100 _aSham Lal
_923005
245 _aA hundred encounters /
_cby Sham Lal
260 _aNew Delhi
_bRupa Co.
_c2001
270 _bNew Delhi
_a7/16, ansari road, dariya ganj
_e110002
300 _axiii, 535p.
_c21cm(pbk)
500 _aIncludes index
650 _aLiterature
_96262
650 _aPostmodernism
_923006
942 _2ddc
_cEN
_h888
_mSHA
999 _c128309
_d128309